01214nam a2200313Ia 4500001001200000003000800012006001900020007001500039008004100054020001500095020001500110040002100125035002100146050002700167082001700194100002800211245007500239260003300314300003100347504005100378533015200429650006300581650004300644650002400687655002900711710001700740856012600757999001700883ebr10014647CaPaEBRm u cr cn|||||||||010924s2001 enkac sb 001 0 eng d z1841500526 z1841508136 aCaPaEBRcCaPaEBR a(OCoLC)55926795114aLB1044.84b.R34 2001eb04a378.17582211 aRada, R.q(Roy),d1951-10aUnderstanding virtual universitiesh[electronic resource] /cRoy Rada. aBristol :bIntellect,c2001. aiv, 122 p. :bill., ports. aIncludes bibliographical references and index. aElectronic reproduction.bPalo Alto, Calif. :cebrary,d2013.nAvailable via World Wide Web.nAccess may be limited to ebrary affiliated libraries. 0aEducation, HigherxEffect of technological innovations on. 0aTelecommunication in higher education. 0aDistance education. 7aElectronic books.2local2 aebrary, Inc.40uhttp://site.ebrary.com/lib/rucke/Doc?id=10014647zAn electronic book accessible through the World Wide Web; click to view c30983d30983